[Event "Altensteig"]
[Site "Altensteig"]
[Date "1995.??.??"]
[Round "4"]
[White "Dautov, Rustem"]
[Black "Luther, Thomas"]
[Result "1/2-1/2"]
[WhiteElo "2620"]
[BlackElo "2550"]
[Annotator "Dautov,R"]
[PlyCount "100"]
[EventDate "1995.08.??"]
[EventType "tourn"]
[EventRounds "11"]
[EventCountry "GER"]
[EventCategory "12"]
[SourceTitle "CBM 049"]
[Source "ChessBase"]
[SourceDate "1995.12.01"]
[SourceVersion "1"]
[SourceVersionDate "1995.12.01"]
[SourceQuality "1"]

1. Nf3 d5 2. c4 e6 3. d4 Nf6 4. Nc3 Bb4 5. cxd5 exd5 6. Bg5 Nbd7 7. Qc2 c5 8.
dxc5 h6 (8... Qa5 9. Bd2 $14) (8... Nxc5 9. a3 Bxc3+ 10. Qxc3 Nce4 (10... Nce4
11. Bxf6 Qxf6 12. Qxf6 Nxf6 13. e3 Bd7 14. Bd3 Ke7 15. Nd4 Rac8 16. f3 $14 {
Lobron,E-Luther,T/Ptuj zt (13) ;CBM 47 1995})) 9. Bd2 Bxc5 {N} (9... O-O 10. e3
Bxc5 11. Bd3 a6 12. O-O Ba7 13. Ne2 Re8 14. Bc3 Nf8 15. Nf4 Be6 16. Rad1 Rc8
17. Qb3 b5 18. Qa3 $16 {Kramnik,V-Lautier,J/Monaco blind (07) ;EXP 46 1995})
10. e3 a6 11. Bd3 (11. Be2 O-O 12. O-O Re8 13. Rfd1 $14) 11... Ba7 $1 {/\Nc5}
12. Ne2 (12. O-O Nc5 13. Be2 O-O 14. Rfd1 Bg4 15. Be1 $14) 12... Nc5 13. Bb4 $1
Qb6 14. Bxc5 (14. a3 O-O 15. O-O Bg4 $10) (14. Bc3 $5 Bg4 (14... O-O 15. Ng3)
15. Ng3 Bxf3 16. gxf3 Nxd3+ 17. Qxd3 $14) 14... Qxc5 15. Rc1 Qxc2 (15... Qa5+
16. Qc3 Qxa2 $2 17. Bb1 Qa4 (17... Qa1 $2 18. Bc2 $18 Qa2 19. Bb3 $18) 18.
Qxc8+ Rxc8 19. Rxc8+ Ke7 20. Rxh8 Qb4+ 21. Nd2 Qxb2 22. Rc8 $16) 16. Rxc2 $14 {
[%csl Rd5][%cal Rc1c8] <->c,><d5} O-O (16... Bg4 17. Ne5 Be6 18. Nf4 $14) (
16... Be6 17. Ned4 (17. Rc7 Rb8 {/\Bb6}) 17... Kd7 (17... O-O 18. Ke2 Rfc8 19.
Rhc1 Rxc2+ 20. Bxc2 Kf8 21. Bf5 $14) 18. Nf5 (18. Nxe6 Kxe6 $10) 18... Bxf5 (
18... g6 $2 19. Ne5+ Kd8 20. Nd6 $16) 19. Bxf5+ Kd6 20. Ke2 g6 21. Bh3 $14) 17.
O-O Bg4 18. h3 $1 (18. Rc7 Rab8 19. Rfc1 Bb6 20. R7c2 Rfc8 21. Ned4 Rxc2 22.
Rxc2 Rc8 23. Rxc8+ Bxc8 $10) 18... Bxf3 19. gxf3 Rfc8 20. Rfc1 Rxc2 21. Rxc2 (
21. Bxc2 $1 Kf8 22. Bb3 (22. Bf5 Ne8) 22... Bb6 23. Nf4 Rd8 24. Rd1 d4 25. e4
$14) 21... Ne8 (21... Bb6 22. Bf5 Ne8 (22... Re8 $5) 23. Rd2 $1 (23. Nf4 Rd8
24. Rc8 (24. Rd2 d4 25. e4 $2 g6 26. Bg4 h5 $19) 24... Rxc8 25. Bxc8 Nd6 26.
Bd7 d4 27. e4 Kf8 28. e5 Nc4 29. Nd3 Bc7 30. f4 g5 31. Bc8 gxf4 32. Bxb7 a5 $10
) 23... Rd8 24. Bc2 Kf8 25. Bb3 $14) 22. h4 $6 (22. Rd2 $142 $14 {/\Bc2-b3})
22... Rd8 23. h5 Kf8 24. Kg2 (24. f4 Ke7 25. Ng3 Nd6 (25... Kf6 26. Nf5 $14)
26. Nf5+ (26. Be2 Bb6 $10) 26... Nxf5 27. Bxf5 d4 $10) 24... d4 $1 (24... Ke7
$5 $10) 25. e4 Bb8 {[%csl Rh5] /\Nf6, ><h5} 26. Kh3 $2 (26. f4 Nf6 27. Rc5 Bd6
(27... b6 $2 28. Rc6 $1 Nxh5 29. Kf3 Nf6 (29... g5 30. fxg5 hxg5 31. Rxb6 a5
32. Rb5 $16) 30. Rxb6 $16) (27... Ke7 28. Kf3 Ba7 29. Rc7+ (29. Re5+ Kf8 30.
Ng3 Rc8 31. Ra5 Nd7 $132) 29... Rd7 30. Rxd7+ Nxd7 31. b4 $14) 28. Rf5 Bb8 29.
Kf3 Ba7 (29... Rc8 $5 30. e5 $2 Nd5 31. e6 Nf6 $10) 30. Ng3 b5 31. a4 bxa4 32.
Ra5 Nd7 $10) 26... Nf6 27. Kh4 Ke7 $138 28. Rc4 (28. f4 Nxe4 $1 29. Bxe4 d3 $10
) 28... g5+ $1 29. hxg6 fxg6 30. f4 g5+ $1 31. Kh3 $5 (31. fxg5 hxg5+ 32. Kxg5
Rg8+ 33. Kh4 (33. Kf5 $2 Ng4 {/\Nh6#}) 33... Rh8+ 34. Kg5 Rg8+ $10) 31... Bxf4
(31... gxf4 32. Rxd4 f3 (32... Rg8 $10) 33. Ng3 Rxd4 34. Nf5+ Kd7 35. Nxd4 Ba7
36. Nxf3 Bxf2 $10) 32. Nxf4 gxf4 33. Rc5 $1 (33. Kg2 Ng4 $1) 33... Nd7 34. Rd5
(34. Rf5 Rg8 35. Rxf4 Ne5 $15) 34... Nf6 (34... Rg8 $1) 35. Re5+ Kd6 36. Rf5
Nd7 37. Rd5+ Ke7 38. Kg2 Rf8 (38... Nb6 39. Re5+) 39. Bc4 Nb6 40. Rxd4 Nxc4 41.
Rxc4 f3+ 42. Kg3 Kd6 $10 43. Rc3 Ke5 44. Rxf3 Rg8+ 45. Kh4 (45. Kh3 Kxe4 46.
Rf7 b5 47. Rf6 Rc8 48. Rxh6 Rc2 49. Kg3 Rxb2 50. Rxa6 Kf5 $10) 45... Kxe4 46.
Rf7 b5 47. Rf6 Rg2 $1 48. Kh5 (48. Kh3 Ke5 $10) 48... a5 49. Kxh6 a4 50. a3 Kd3
1/2-1/2

[Event "Dresden zt 1.2"]
[Site "Dresden"]
[Date "1998.05.05"]
[Round "7"]
[White "Dautov, Rustem"]
[Black "Dizdar, Goran"]
[Result "0-1"]
[WhiteElo "2600"]
[BlackElo "2530"]
[Annotator "Dautov,R"]
[PlyCount "106"]
[EventDate "1998.04.28"]
[EventType "swiss"]
[EventRounds "11"]
[EventCountry "GER"]
[SourceTitle "CBM 065"]
[Source "ChessBase"]
[SourceDate "1998.08.06"]
[SourceVersion "1"]
[SourceVersionDate "1998.08.06"]
[SourceQuality "1"]

1. d4 {Ribli} d5 2. c4 e6 3. Nf3 Nf6 4. Nc3 Bb4 {Die Ragozin-Variante, ist
eine beliebte Waffe des kroatischen Großmeisters. Sie ist eine Mischung aus
Damengambit und Nimzoindischer Verteidigung. Ribli.} 5. Qa4+ {Ribli: Dies ist
eine seltene Fortsetzung. 5.cxd5 exd5 6.Bg5 oder sofort 5.Bg5 sind meines
Erachtens besser.} Nc6 6. a3 (6. Ne5 {Ribli}) 6... Bxc3+ (6... Be7 $6 {Ribli})
7. bxc3 Ne4 {Ribli: Das ist eine Hauptidee der Variante. Schwarz gibt den
schwarzfeldrigen Läufer auf, erlangt aber starke Kontrolle über das
Zentrumsfeld e4.} (7... Bd7 {[%csl Ra4][%cal Gd7a4] Ribli}) 8. Qc2 O-O (8...
Na5 9. e3 b6 10. cxd5 exd5 11. Bd3 Bf5 12. O-O O-O 13. Ne1 Bg6 14. f3 Nd6 15.
Bxg6 hxg6 16. e4 dxe4 (16... c6 $5) 17. fxe4 c5 18. Nf3 $14 {Maric,A-Matveeva,
S/Belgrade 1998} (18. Nf3 {Ribli} cxd4 19. cxd4 Rc8 20. Qd3 Qe8 21. e5 Qb5 22.
Qxb5 Nxb5 23. a4 Nc3 24. Bd2 Nb3 25. Bxc3 Rxc3 26. Rad1 Rd8 27. d5 {1-0 Maric,
A-Matveeva,S/Women's It, Belgrade YUG 1998 (40)})) 9. e3 (9. Bf4 {Ribli} Na5
10. e3 b6 11. cxd5 exd5 12. Bd3 Bb7 13. O-O Rc8 14. Ne1 h6 15. f3 Ng5 16. Qf2 {
1-0 Sapis,W-Milovanovic,R/Warsaw 1988 (35)}) 9... b6 10. cxd5 (10. Be2 Na5 11.
cxd5 exd5 12. O-O Bf5 13. Qb2 c5 $11 {Schandorff,L-Tischbierek,R/Copenhagen
Obro-A 1990} (13... c5 {Ribli} 14. Bd2 Bg4 15. Be1 Rc8 16. h3 Bf5 17. Ne5 f6
18. Nd3 Re8 19. Nf4 g5 20. Nh5 Bg6 21. dxc5 Rxc5 22. Rd1 Qe7 {0-1 Schandorff,
L-Tischbierek,R/Obro-A 1990 (27)})) (10. Bd3 {Ribli} Ba6 11. Bxe4 (11. cxd5
Bxd3 12. Qxd3 exd5 {[%csl Rc1]}) 11... dxe4 12. Qxe4 Na5 {[%csl Rc4]}) 10...
exd5 11. Bd3 Bf5 $146 {Ribli: Schwarz beabsichtigt die weißfeldrigen Läufer zu
tauschen, denn der weiße Damenläufer ist schlecht und ein schwarzer Springer
sollte ihm in der Regel überlegen sein.} (11... Re8 12. O-O Bb7 13. Nd2 Na5 14.
f3 Nxd2 15. Bxd2 Nc4 16. Bxc4 dxc4 17. e4 Qd6 18. Be1 b5 19. Bg3 $16 {
Szabo-Taimanov/Buenos Aires 1960} (19. Bg3 {Ribli} Qb6 20. a4 c6 21. Bd6 a5 22.
Qf2 Qd8 23. Bc5 Bc8 24. axb5 cxb5 25. d5 {Szabo,L-Taimanov,M/Buenos Aires 1960/
1-0 (56)})) 12. c4 (12. g3 {[%cal Gf3h4,Gh4f5] Ribli} h6 (12... Qd7 13. Nh4 Bg6
14. c4 $14) (12... Bg4 13. Nh4 $14 (13. Bxe4 dxe4 14. Qxe4 Qd7 $44 {[%csl Yf3,
Yg2,Gg4,Yh3] Ribli: Und Schwarz hat Gegenspiel, denn die positionelle
Schwächen auf den weißen Feldern sollten ins Gewicht fallen.})) 13. Nh4 Bh7 14.
f3 Nf6 15. Bxh7+ Nxh7 16. O-O $14 {Ribli: und Weiß errichtet ein mächtiges
Bauernzentrum.} (16. e4 $14)) 12... Re8 (12... Na5 $2 13. cxd5 Qxd5 14. O-O (
14. Nh4 $6 Nb3 15. Nxf5 Qa5+ $13) 14... Nd6 15. Bxf5 Qxf5 16. Qxc7 $16) 13.
cxd5 (13. O-O {Ribli} dxc4 14. Bxc4 $14 Nd6 $6 (14... Ng3 {[%cal Rg3f1,Rf5c2]}
15. Qa2 Nxf1 16. Bxf7+ Kh8 17. Bxe8 Qxe8 18. Kxf1 $16) 15. Bxf7+ Kxf7 16. Qxc6
$16) 13... Qxd5 {Ribli: Schwarz ist gut entwickelt und übt starke Kontrolle
über die weißen Felder aus.} 14. O-O {/\Nh4} Nd6 {Ribli: Schwarz möchte die
weißfeldrigen Läufer wegen des schlechten verbleibenden Läufers auf c1
tauschen.} 15. Bxf5 Nxf5 16. Bd2 {Weiß vermeidet den eventuellen Springerzug ..
.Na5.} (16. Bb2 $5 Rac8 17. Rfe1 Nd6 (17... Qe4 18. Qxe4 Rxe4 19. Rac1 Na5 20.
Nd2 Ree8 21. e4 $14) 18. Nd2 Ne4 (18... f5 19. f3 $16) 19. Nb3 $1 $14 {/\f3} (
19. Nxe4 Qxe4 20. Rac1 Na5 21. Qxe4 Rxe4 22. f3 Ree8 23. e4 $14)) 16... Rac8
17. Rfc1 (17. Rac1 {Ribli}) 17... Nd8 (17... Nb8 18. Qa4 Qb7 (18... a6 $2 19.
Rxc7) 19. Rab1 $14) 18. Ne5 (18. Qa2 Qxa2 19. Rxa2 c5 20. Rac2 Ne6 $11) (18. a4
c5 19. a5 (19. Rab1 Nd6 $11) 19... b5 $5 (19... Nd6 20. axb6 axb6 21. Qa2 $14)
20. dxc5 Re4 {/\Rc4,/\Rg4} 21. Qb1 a6 $44) (18. Qa4 $5 Ne6 19. Rab1) 18... Nh4
$1 (18... Nd6 19. Nc6 Nxc6 20. Qxc6 $14) 19. f3 c5 {Ribli: Es droht noch
nichts, aber nach folgendem ...Ne6 muß die weiße Dame weichen.} 20. Qc4 (20.
Be1 $1 Ng6 21. Nxg6 hxg6 22. Bf2 {/\e4} f5 (22... Ne6 23. e4 Qg5 24. d5 Nf4 25.
Bg3 $16) 23. Qa4 $14) (20. Qa2 {Ribli} Qxa2 21. Rxa2 Nf5 22. Rac2 $11) 20...
Qxc4 21. Rxc4 $2 (21. Nxc4 $1 Nb7 (21... cxd4 $2 22. Nd6 Rxc1+ 23. Rxc1 Re6 24.
Bb4 $16 {/\Rc8}) (21... Nf5 {Ribli} 22. g4 $1 (22. d5 b5 23. d6 Re6 24. d7 Rc7
$17 {[%csl Rc4,Rd7]}) 22... b5 23. gxf5 bxc4 24. Rxc4 $16) 22. dxc5 Rxc5 23. e4
Rec8 24. Ne3 Rxc1+ 25. Rxc1 Rxc1+ 26. Bxc1 f6 $14) 21... Nf5 $1 $15 {><e3} 22.
Kf2 $2 (22. g4 Nd6 23. Ra4 f6 (23... Ne6 24. Rxa7 cxd4 25. Rd7 $11) 24. Nc4
N6f7 $1 $15) (22. Rac1 {Ribli} f6 {[%csl Re3]} 23. Ng4 (23. g4 $2 Nd6 $19 {
[%csl Rc4,Re5]}) 23... h5 24. Nf2 Nxe3 $17 25. Bxe3 Rxe3 26. dxc5 Rxc5 27. Rxc5
bxc5 28. Rxc5 $4 Re1#) 22... Ne6 23. d5 $2 (23. Rac1 f6 $1 (23... Nd6 24. Ra4)
24. Nd3 Rcd8 25. g4 Nd6 26. Ra4 cxd4 27. e4 (27. exd4 Nb5 $17) 27... Rd7 $17) (
23. dxc5 {Ribli} Nxc5 {[%csl Rc4,Re5,Rf2] Ribli: Der weiße Springer hängt auf
e5, kann aber wegen des Abzugsschachs ...Nd3+ nebst ...Rxc4 nicht ziehen.}) (
23. g4 {Ribli} Nd6 $15) 23... Nc7 24. Nc6 $2 (24. Nd3 Nxd5 25. e4 Nd6 26. Ra4
c4 $17) (24. e4 {Ribli} Nd6 $19 {[%csl Rc4,Re5][%cal Rd6c4,Re8e5]}) 24... Nxd5
25. Nxa7 Nd6 $1 {Ribli: Schwarz verhindert die Bauerngabel e3-e4 und schränkt
den weißen Springer a7 in seiner Beweglichkeit ein.} (25... Nfxe3 $2 26. Re4
Rxe4 27. Nxc8 $11) (25... Ra8 26. Re4 Rxe4 27. fxe4 Ndxe3 28. exf5 Nc4 $17) 26.
Rcc1 (26. Nxc8 {Ribli} Nxc4 $19 {[%cal Rc4d2,Re8c8]}) 26... Rc7 27. e4 Nf6 (
27... Rxa7 {Ribli} 28. exd5 Re5 29. Bf4 Rxd5 30. Bxd6 Rxd6 $17) 28. e5 $138
Nde4+ $138 {Ribli: Ein schöner Zug. Mit diesem zeitweiligen Opfer verbessert
Schwarz seine Stellung.} (28... Rxe5 {Ribli} 29. Bf4 Re6 $17 (29... Rf5 30.
Bxd6 Ne4+ $17 {[%cal Re4f2,Re4d6]}) (29... Rd5 30. Bxd6 (30. Nb5 Nxb5 31. Rab1
Nd6 $19) 30... Rxd6 31. Nb5 Rd2+ 32. Ke3 (32. Ke1 Rcd7 {[%csl Gd2,Gd7]}) 32...
Rcd7 $17 {[%csl Re3]})) 29. fxe4 (29. Ke3 {Ribli} Nxd2 (29... Rxe5 $17 {
[%csl Re3]}) 30. Kxd2 Rxe5 $17) 29... Nxe4+ 30. Ke3 Nxd2 31. Nb5 (31. Kxd2 {
Ribli} Rxa7 $17 {[%csl Re5]}) 31... Rd7 $19 32. Kf4 f6 (32... Rd5 33. Re1 Nc4
34. Rad1 Rxd1 35. Rxd1 Nxe5 $19) (32... Nb3 {Ribli} 33. Rd1) 33. exf6 Rf7 {
Ribli: Der weiße König befindet sich in einer unangenehmen Lage.} 34. Re1 (34.
Nd6 $2 {Ribli} Rxf6+ $19 {[%cal Rf6d6,Rf6f4]}) 34... Rxf6+ 35. Kg3 $2 (35. Kg4
$142) (35. Kg4 $5 {Ribli Ribli: Auch nach diesem Zug hat Weiß eine sehr
schwierige Stellung, aber die Partiefortsetzung erlaubt dem schwarzen Springer
sofort am Angriff teilzuhaben.} Ref8 $17) 35... Ne4+ 36. Kg4 Re5 {Droht
zweizügiges Matt mit 37...Rg5+ und 38...Rh6#.} 37. h4 h5+ 38. Kh3 Nf2+ 39. Kh2
(39. Kg3 {Ribli}) 39... Ng4+ 40. Kg3 Ref5 (40... Rfe6 {[%cal Re6e3,Re3g3] Ribli
}) 41. Rad1 Rg6 {Ribli: Die schwarzen Figuren stehen aktiv und das Mattnetz um
den weißen König ist geknüpft.} 42. Rd6 (42. Kh3 {Ribli} Nf2+ $19 {[%cal Rf2d1,
Rf2h3]}) 42... Nf6+ 43. Kh3 Rf2 44. Rg1 Rb2 45. Rxb6 {Ribli: Materiell ist die
Stellung gleich, aber die schwarzen Figuren koordinieren natürlich viel besser.
} (45. a4 {Ribli} Rb3+ 46. g3 (46. Kh2 Rb4 $17 {[%cal Rb4h4,Rb4a4]} (46... Rxb5
$2 47. Rd8+ $16 (47. axb5 Ng4+ $19 {[%cal Rg4h2,Rg6d6]}) 47... Kf7 48. axb5)))
45... Rg4 46. Rb7 Nd5 47. Nd6 Nf4+ 48. Kh2 Rxh4+ (48... Rxb7 49. Nxb7 Ne2 $19)
(48... Rbxg2+ {Ribli} 49. Rxg2 Rxg2+ 50. Kh1 Rg4 51. Nf5 $15) 49. Kg3 Rg4+ 50.
Kf3 (50. Kh2 {Ribli} Rbxg2+ $19) 50... Rd2 51. Ne4 Rd3+ 52. Kf2 Rxa3 {Ribli:
und der Vorteil von zwei Bauern sollte von Schwarz leicht zu verwerten sein.}
53. Nxc5 Nh3+ (53... Nh3+ $1 {Ribli} 54. gxh3 Ra2+ 55. Kf1 Ra1+ $19) 0-1

[Event "Bundesliga 9192"]
[Site "Germany"]
[Date "1992.??.??"]
[Round "?.2"]
[White "Dautov, Rustem"]
[Black "Lutz, Christopher"]
[Result "1/2-1/2"]
[WhiteElo "2610"]
[BlackElo "2540"]
[Annotator "Dautov,R"]
[PlyCount "50"]
[EventDate "1991.10.12"]
[EventType "team-tourn"]
[EventRounds "15"]
[EventCountry "GER"]
[SourceTitle "CBM 032"]
[Source "ChessBase"]
[SourceDate "1993.02.01"]
[SourceVersion "1"]
[SourceVersionDate "1993.02.01"]
[SourceQuality "1"]
[WhiteTeam "Empor Berlin"]
[BlackTeam "Porz"]
[WhiteTeamCountry "GER"]
[BlackTeamCountry "GER"]

1. d4 d5 2. c4 e6 3. Nf3 Nf6 4. Nc3 Bb4 5. cxd5 exd5 6. Bg5 Nbd7 7. e3 c5 8.
Bd3 Qa5 9. Qc2 c4 (9... O-O 10. O-O Bxc3 $6 11. bxc3 c4 12. Bf5 Re8 13. Nd2 g6
14. Bxd7 Nxd7 15. f3 Nb6 16. Bf4 $1 Bd7 17. e4 Na4 18. Rfc1 $1 Bc6 19. e5 Bd7
20. Nf1 $16 {Aseev,K-Ortega,L Sestola,1991}) 10. Bf5 O-O 11. O-O Re8 12. Nd2 (
12. Bh4 g6 13. Bh3 Ne4 $1 14. Nxe4 Rxe4 15. a3 Bf8 16. Bg3 Re8 $10) 12... g6
13. Bxd7 (13. Bh3 Bxc3 $1 14. bxc3 Ne4 15. Nxe4 dxe4 $10) 13... Nxd7 14. f3 (
14. a3 Bxc3 15. bxc3 Nb6 16. f3 Bd7 (16... f6 17. Bh6 Qa4 18. Qc1 Bf5 $140 19.
e4 $16) 17. Rfe1 Ba4 18. Qc1 Bc6 19. Ra2 Re6 20. Nf1 Rae8 21. h4 Nc8 $132 {
Kasparov,G-Tatai,Dubai(ol)1986}) (14. Rae1 Bxc3 15. bxc3 Nb6 16. f3 Bd7 17. Bh4
Na4 18. Nb1 f5 $1 $10 {Cramling,P-Lobron,E Hamburg 1991}) 14... Nb6 15. h4 $5 (
15. Bf4 $5) 15... f6 $1 (15... Bxc3 16. bxc3 Qa4 17. Qb1 Qa3 18. Rc1 Bd7 19. e4
Rac8 20. Nf1 dxe4 21. fxe4 f5 $1 22. e5 Nd5 23. Qc2 f4 24. Qf2 b5 25. h5 Re6
26. Qf3 Bc6 27. Nd2 gxh5 28. Ne4 Rg6 29. Re1 Rf8 30. Re2 Ne3 $2 31. Bxf4 Qxc3
32. Nxc3 Bxf3 33. Bxe3 b4 34. Rf2 $16 {Pinter,J-Greenfeld,A Beersheba,1991})
16. Bf4 (16. Bh6 $5 Bd7 17. h5 $36) 16... Bd7 17. e4 $6 (17. Rae1 Bxc3 18. bxc3
Na4 19. Nb1 f5 20. h5 $40) (17. Rae1 Ba4 $1 18. Qc1 Bc6 19. e4 Na4 $1 $132 20.
Re3 $140 $2 Qb6) (17. a3 $142 Bxc3 18. bxc3 Ba4 19. Qc1 Bc6 20. Ra2 Re6 21. Re1
$14) 17... Ba4 $1 18. Qc1 (18. Nxa4 Qxa4 19. b3 cxb3 20. axb3 Qc6 $10) 18...
Bc6 19. Re1 (19. exd5 Bxc3 20. dxc6 Bxd4+ 21. Kh1 bxc6 22. Nxc4 Qh5 $10) (19.
e5 $2 Na4 20. Nxa4 fxe5 $1 21. a3 Bxd2 22. Bxd2 Qxa4 23. dxe5 d4 $36) 19... Na4
$1 20. Nxa4 (20. exd5 $5 Rxe1+ (20... Bxc3 21. dxc6 Bxd4+ 22. Kh1 $36) 21. Qxe1
Bxd5 22. Nde4 Nxc3 23. bxc3 (23. Nxf6+ $2 Kf7 24. Qe5 Ne2+ $19) 23... Be7 $10)
20... Qxa4 21. e5 Ba5 $1 22. exf6 Bb6 (22... Rxe1+ $2 23. Qxe1 Re8 24. Qf2 Qc2
(24... c3 25. Nb3 $16) 25. Ne4 $1 Qxf2+ 26. Nxf2 $16 {/\Ng4,/\Be5}) 23. Qc3 Ba5
24. Qc1 Bb6 25. Qc3 Ba5 1/2-1/2